[Event "Pontevedra op-A 6th"]
[Site "Pontevedra"]
[Date "2018.08.10"]
[Round "4"]
[White "Calzetta Ruiz, Monica"]
[Black "Gil Reguera, Juan Carlos"]
[Result "1-0"]
[WhiteElo "2302"]
[BlackElo "2085"]
[PlyCount "65"]
[EventDate "2018.08.08"]
[EventType "swiss"]
[EventRounds "9"]
[EventCountry "ESP"]
[SourceTitle "EXT 2021"]
[Source "ChessBase"]
[SourceDate "2020.10.23"]
[SourceVersion "1"]
[SourceVersionDate "2020.10.23"]
[SourceQuality "1"]

1. e4 c5 2. Nf3 d6 3. d4 cxd4 4. Nxd4 Nf6 5. Nc3 a6 6. Bg5 e6 7. Qe2 Be7 8. f4 Qc7 9. 0-0-0 0-0 10. g4 b5 11. a3 Bb7 12. Rg1 Nc6 13. Nxc6 Bxc6 14. Rg3 a5 15. e5 Nd5 16. Bxe7 Qxe7 17. exd6 Qxd6 18. f5 b4 19. Nxd5 Bxd5 20. Qd2 bxa3 21. Rxa3 Qe5 22. Qd4 Qxd4 23. Rxd4 h6 24. Be2 Rfc8 25. h4 Rc7 26. Bd3 Kf8 27. b4 Rca7 28. b5 Rc7 29. g5 hxg5 30. hxg5 Rac8 31. Rxa5 Bb3 32. b6 Rb7 33. Rb4 1-0

[Event "Pontevedra Tilve Memorial 5th"]
[Site "Pontevedra"]
[Date "2016.12.27"]
[Round "3"]
[White "Gil Reguera, Juan Carlos"]
[Black "Larino Nieto, David"]
[Result "0-1"]
[WhiteElo "2101"]
[BlackElo "2481"]
[PlyCount "73"]
[EventDate "2016.12.27"]
[EventType "swiss"]
[EventRounds "9"]
[EventCountry "ESP"]
[SourceTitle "CBM 176 Extra"]
[Source "ChessBase"]
[SourceDate "2017.03.02"]
[SourceVersion "1"]
[SourceVersionDate "2017.03.02"]
[SourceQuality "1"]

1. Nf3 Nf6 2. c4 a6 3. g3 b5 4. cxb5 axb5 5. Bg2 Bb7 6. 0-0 e6 7. d4 Be7 8. e3 0-0 9. Nc3 b4 10. Ne2 Bd5 11. a3 Nc6 12. Nf4 Bc4 13. Re1 bxa3 14. bxa3 Ne4 15. Nd2 Nxd2 16. Qxd2 d5 17. Bb2 Na5 18. Qc2 Nb3 19. Rab1 Bxa3 20. Bc3 Rb8 21. Nd3 f6 22. Nb2 Bxb2 23. Rxb2 Rb6 24. Reb1 Qb8 25. e4 c6 26. Bf1 c5 27. Bxc4 dxc4 28. dxc5 Rc6 29. Bd2 Qb5 30. Be3 Ra6 31. Rd1 Rfa8 32. Kg2 Qa4 33. f3 Rc8 34. Rd6 Rxd6 35. cxd6 Qd7 36. Qd1 Rc6 37. Ra2 0-1

[Event "Pontevedra op 4th"]
[Site "Pontevedra"]
[Date "2015.12.27"]
[Round "3"]
[White "Gil Reguera, Juan Carlos"]
[Black "Rivera, Daniel"]
[Result "0-1"]
[WhiteElo "2117"]
[BlackElo "2350"]
[PlyCount "90"]
[EventDate "2015.12.26"]
[EventType "swiss"]
[EventRounds "9"]
[EventCountry "ESP"]
[SourceTitle "CBM 170 Extra"]
[Source "ChessBase"]
[SourceDate "2016.02.25"]
[SourceVersion "1"]
[SourceVersionDate "2016.02.25"]
[SourceQuality "1"]

1. c4 e5 2. g3 g6 3. Bg2 Bg7 4. Nc3 d6 5. e3 f5 6. Nge2 c6 7. d4 e4 8. f3 exf3 9. Bxf3 Nf6 10. 0-0 0-0 11. Qd3 Na6 12. a3 Nc7 13. Bd2 Kh8 14. e4 fxe4 15. Bxe4 Nxe4 16. Rxf8+ Qxf8 17. Qxe4 Bf5 18. Qh4 Ne6 19. d5 Bf6 20. Qh6 Nd4 21. Qxf8+ Rxf8 22. Nxd4 Bxd4+ 23. Kg2 Bd3 24. Bf4 Bxc4 25. dxc6 bxc6 26. Re1 d5 27. Re6 c5 28. h4 Bg7 29. Rd6 d4 30. Ne4 Rc8 31. Ng5 d3 32. b4 cxb4 33. axb4 Kg8 34. Rd7 a6 35. Nf3 Bb5 36. Rd6 Bf8 37. Rd5 Rc2+ 38. Kh3 Re2 39. Ne5 Re1 40. Rd8 Kg7 41. Ng4 Be7 42. Rd4 h5 43. Ne5 Bf6 44. Rd5 d2 45. Rxd2 Bxe5 0-1

[Event "Pontevedra op 21st"]
[Site "Pontevedra"]
[Date "2008.08.15"]
[Round "6"]
[White "Gil Reguera, Juan Carlos"]
[Black "Portela Gonzalez, Adrian"]
[Result "1-0"]
[WhiteElo "2236"]
[BlackElo "1858"]
[PlyCount "109"]
[EventDate "2008.08.10"]
[EventType "swiss"]
[EventRounds "9"]
[EventCountry "ESP"]
[SourceTitle "CBM 125 Extra"]
[Source "ChessBase"]
[SourceDate "2008.09.01"]
[SourceVersion "1"]
[SourceVersionDate "2008.09.01"]
[SourceQuality "1"]

1. c4 g6 2. g3 Bg7 3. Bg2 c6 4. Nc3 Nf6 5. e4 d6 6. Nge2 0-0 7. 0-0 Be6 8. d3 Na6 9. h3 Nc7 10. f4 d5 11. cxd5 cxd5 12. e5 Nfe8 13. d4 f5 14. Be3 Na6 15. Qb3 Nec7 16. Rac1 Qd7 17. Rc2 Rfd8 18. Rfc1 Ne8 19. Nb5 Bf7 20. Nec3 Nac7 21. Nxc7 Nxc7 22. Na4 Na6 23. Nc5 Nxc5 24. Rxc5 b6 25. Rc7 Qe8 26. Bf1 Rdc8 27. Ba6 Rxc7 28. Rxc7 Qd8 29. Qc2 Be8 30. Bb7 Rb8 31. Bc6 a5 32. Bxe8 Qxe8 33. Qc6 Qxc6 34. Rxc6 Rb7 35. g4 Bf8 36. Kf1 Kg7 37. Ke2 fxg4 38. hxg4 Kf7 39. f5 b5 40. Bg5 gxf5 41. gxf5 a4 42. e6+ Kg7 43. Rc5 h6 44. Bh4 b4 45. Rxd5 Rb8 46. Kd3 b3 47. a3 Rc8 48. Rc5 Ra8 49. Kc4 h5 50. Kb4 Rd8 51. d5 Rb8+ 52. Kxa4 Kh6 53. Rb5 Rxb5 54. Kxb5 Bg7 55. f6 1-0

[Event "Pedrido Memorial"]
[Site "Vilagarcia de Arousa"]
[Date "2006.08.29"]
[Round "5"]
[White "Pena Torres, Jose Carlos"]
[Black "Gil Reguera, Juan Carlos"]
[Result "0-1"]
[WhiteElo "2151"]
[BlackElo "2261"]
[PlyCount "66"]
[EventDate "2006.07.25"]
[EventType "swiss"]
[EventRounds "9"]
[EventCountry "ESP"]
[SourceTitle "CBM 113 Extra"]
[Source "ChessBase"]
[SourceDate "2006.09.14"]
[SourceVersion "1"]
[SourceVersionDate "2006.09.14"]
[SourceQuality "1"]

1. e4 c5 2. Nf3 d6 3. d4 cxd4 4. Nxd4 Nf6 5. Nc3 a6 6. Be3 e6 7. f3 b5 8. g4 Bb7 9. g5 Nfd7 10. Qd2 Nb6 11. Qf2 N8d7 12. 0-0-0 Rc8 13. Bd3 Rxc3 14. bxc3 Qc7 15. Ne2 Na4 16. Kd2 d5 17. Rb1 Be7 18. h4 0-0 19. h5 Rc8 20. g6 Bf6 21. gxf7+ Kxf7 22. exd5 Bxd5 23. Bxh7 Nxc3 24. Rbg1 Qa5 25. Nxc3 Qxc3+ 26. Kd1 Ne5 27. Rh3 Rd8 28. Bd2 Bxf3+ 29. Rxf3 Rxd2+ 30. Kc1 Nxf3 31. Qa7+ Be7 32. Kb1 Nxg1 33. Qxg1 Qd4 0-1

[Event "Sanxenxo op 3rd"]
[Site "Sanxenxo"]
[Date "2006.07.03"]
[Round "9"]
[White "Pena Gomez, Manuel"]
[Black "Gil Reguera, Juan Carlos"]
[Result "1-0"]
[WhiteElo "2357"]
[BlackElo "2261"]
[PlyCount "59"]
[EventDate "2006.06.26"]
[EventType "swiss"]
[EventRounds "9"]
[EventCountry "ESP"]
[SourceTitle "CBM 113 Extra"]
[Source "ChessBase"]
[SourceDate "2006.09.14"]
[SourceVersion "1"]
[SourceVersionDate "2006.09.14"]
[SourceQuality "1"]

1. e4 c5 2. Nf3 d6 3. d4 cxd4 4. Nxd4 Nf6 5. Nc3 a6 6. Be2 e5 7. Nb3 Be7 8. 0-0 0-0 9. Kh1 Nc6 10. f4 exf4 11. Bxf4 Be6 12. Qe1 Ne5 13. Rd1 Qc7 14. Qg3 Kh8 15. Nd4 Rfe8 16. Nd5 Bxd5 17. exd5 Nfd7 18. Bxe5 Nxe5 19. Rxf7 g6 20. Rff1 Bf8 21. c4 Qe7 22. Ne6 Bg7 23. Rc1 Rac8 24. b4 b6 25. c5 bxc5 26. bxc5 dxc5 27. Bxa6 Ra8 28. Bb5 Rec8 29. a4 c4 30. Rce1 1-0

[Event "Sanxenxo op 3rd"]
[Site "Sanxenxo"]
[Date "2006.06.27"]
[Round "2"]
[White "Gil Reguera, Juan Carlos"]
[Black "Torres Samper, Rafael"]
[Result "1-0"]
[WhiteElo "2261"]
[BlackElo "2100"]
[PlyCount "29"]
[EventDate "2006.06.26"]
[EventType "swiss"]
[EventRounds "9"]
[EventCountry "ESP"]
[SourceTitle "CBM 113 Extra"]
[Source "ChessBase"]
[SourceDate "2006.09.14"]
[SourceVersion "1"]
[SourceVersionDate "2006.09.14"]
[SourceQuality "1"]

1. c4 b6 2. d4 Bb7 3. Nc3 e6 4. a3 f5 5. Nf3 Nf6 6. d5 Be7 7. g3 exd5 8. cxd5 a5 9. Bg2 Na6 10. 0-0 0-0 11. Nd4 Nc5 12. Nxf5 Nxd5 13. Bxd5+ Bxd5 14. Qxd5+ Kh8 15. Nxe7 1-0

[Event "Pedrido Memorial"]
[Site "Vilagarcia de Arousa"]
[Date "2000.??.??"]
[Round "6"]
[White "Gil Reguera, Juan Carlos"]
[Black "Piankov, Evgenij"]
[Result "1-0"]
[WhiteElo "2265"]
[BlackElo "2365"]
[PlyCount "69"]
[EventDate "2000.??.??"]
[EventType "swiss"]
[EventRounds "9"]
[EventCountry "ESP"]
[SourceTitle "EXT 2006"]
[Source "ChessBase"]
[SourceDate "2005.11.24"]
[SourceVersion "1"]
[SourceVersionDate "2005.11.24"]
[SourceQuality "1"]

1. c4 e6 2. Nf3 d5 3. cxd5 exd5 4. d4 c6 5. Nc3 Nf6 6. Bg5 Be7 7. Qc2 0-0 8. e3 Bg4 9. Ne5 Bh5 10. Bd3 Bg6 11. Nxg6 hxg6 12. 0-0 Nbd7 13. Rab1 a5 14. a3 Re8 15. Rbe1 Nf8 16. h3 Ne6 17. Bxf6 gxf6 18. f4 f5 19. g4 fxg4 20. hxg4 Nf8 21. g5 Ne6 22. Qh2 Bf8 23. Re2 Bg7 24. Rf3 Nf8 25. Nd1 b6 26. Nf2 Qc8 27. Qh4 c5 28. dxc5 bxc5 29. Ng4 Nd7 30. f5 Re4 31. Bxe4 dxe4 32. Rh3 gxf5 33. Nh6+ Kf8 34. Nxf5 Ne5 35. Qh8+ 1-0

[Event "Nigran op"]
[Site "Nigran"]
[Date "1998.??.??"]
[Round "4"]
[White "Piay Augusto, Mauro"]
[Black "Gil Reguera, Juan Carlos"]
[Result "1-0"]
[WhiteElo "2105"]
[BlackElo "2265"]
[PlyCount "155"]
[EventDate "1998.??.??"]
[EventType "swiss"]
[EventRounds "9"]
[EventCountry "ESP"]
[SourceTitle "EXT 2004"]
[Source "ChessBase"]
[SourceDate "2003.11.25"]
[SourceVersion "1"]
[SourceVersionDate "2003.11.25"]
[SourceQuality "1"]

1. e4 c5 2. Nf3 d6 3. d3 Nc6 4. Nbd2 Nf6 5. g3 g6 6. Bg2 Bg7 7. 0-0 0-0 8. c3 Bd7 9. Nh4 Rb8 10. f4 b5 11. f5 b4 12. Nc4 bxc3 13. bxc3 Ne8 14. Bd2 Ne5 15. Nxe5 Bxe5 16. fxg6 hxg6 17. Kh1 Nc7 18. Bh6 Bg7 19. Qd2 Kh7 20. Bxg7 Kxg7 21. Nf5+ Bxf5 22. exf5 f6 23. fxg6 Rh8 24. Rae1 Rh6 25. Rf4 Qd7 26. Qe3 Re8 27. Qe4 d5 28. Qa4 Qd6 29. Rh4 Reh8 30. Qg4 Qd8 31. Rxh6 Rxh6 32. d4 c4 33. Qe2 e6 34. Bf3 Kxg6 35. h4 Qd6 36. Kg2 Kf7 37. Bh5+ Kf8 38. Qg4 Rh7 39. Rf1 Qe7 40. Qg6 Ne8 41. Qxe8+ Qxe8 42. Bxe8 Kxe8 43. Rxf6 Ke7 44. Rf2 e5 45. dxe5 Ke6 46. Re2 Rd7 47. Kf3 d4 48. Re4 d3 49. Rd4 Rd5 50. Ke3 Rxe5+ 51. Kd2 Re2+ 52. Kd1 Rxa2 53. Rxc4 Rg2 54. g4 a5 55. Rd4 Ke5 56. Ra4 Ke6 57. g5 Rh2 58. Rxa5 Rxh4 59. Kd2 Rh3 60. c4 Rg3 61. Rd5 Rg4 62. Kxd3 Rg1 63. Ra5 Kd6 64. Ke4 Rg4+ 65. Kd3 Kc6 66. Rf5 Kd6 67. Kc3 Rg1 68. Rd5+ Kc6 69. Kd4 Rg4+ 70. Kd3 Rg3+ 71. Ke4 Rg4+ 72. Kf5 Rxc4 73. Rd1 Rc2 74. Kf6 Rf2+ 75. Kg7 Kc7 76. g6 Kc6 77. Rh1 Kd7 78. Kh7 1-0

[Event "Nigran op"]
[Site "Nigran"]
[Date "1998.??.??"]
[Round "6"]
[White "Salgado Gonzalez, Julio"]
[Black "Gil Reguera, Juan Carlos"]
[Result "0-1"]
[WhiteElo "2070"]
[BlackElo "2265"]
[PlyCount "88"]
[EventDate "1998.??.??"]
[EventType "swiss"]
[EventRounds "9"]
[EventCountry "ESP"]
[SourceTitle "EXT 2004"]
[Source "ChessBase"]
[SourceDate "2003.11.25"]
[SourceVersion "1"]
[SourceVersionDate "2003.11.25"]
[SourceQuality "1"]

1. Nf3 c5 2. c3 d5 3. d4 Nf6 4. Nbd2 Bf5 5. e3 e6 6. Bb5+ Nbd7 7. Ne5 a6 8. Bd3 Nxe5 9. Bxf5 exf5 10. dxe5 Ng4 11. Nf3 f6 12. exf6 Nxf6 13. 0-0 Bd6 14. Qa4+ b5 15. Qh4 0-0 16. b3 Ne4 17. Qxd8 Raxd8 18. Bb2 f4 19. exf4 Rxf4 20. a4 Rb8 21. axb5 Rxb5 22. Bc1 Rf6 23. c4 Rxb3 24. cxd5 c4 25. Re1 Nc5 26. Be3 h6 27. Rec1 Rb4 28. Bd2 Rb5 29. Rxc4 Nb3 30. Re1 Rxf3 31. gxf3 Nxd2 32. Rc8+ Kh7 33. Ra1 a5 34. Kg2 Rxd5 35. h4 Bb4 36. Re8 Rf5 37. Re3 Nc4 38. Re8 Ne5 39. f4 Ng6 40. Kg3 Nxf4 41. Kg4 Rf6 42. h5 Nd5 43. Rd1 Rf4+ 44. Kg3 Rf5 0-1

[Event "Orense op"]
[Site "Orense"]
[Date "1997.??.??"]
[Round "9"]
[White "Salgado Gonzalez, Julio"]
[Black "Gil Reguera, Juan Carlos"]
[Result "0-1"]
[WhiteElo "2095"]
[BlackElo "2310"]
[PlyCount "80"]
[EventDate "1997.??.??"]
[EventType "swiss"]
[EventRounds "9"]
[EventCountry "ESP"]
[SourceTitle "EXT 1999"]
[Source "ChessBase"]
[SourceDate "1998.11.16"]
[SourceVersion "1"]
[SourceVersionDate "1998.11.16"]
[SourceQuality "1"]

1. d4 Nf6 2. Nf3 g6 3. Bg5 Bg7 4. Nbd2 d5 5. e3 Nbd7 6. Bd3 h6 7. Bf4 Nh5 8. 0-0 Nxf4 9. exf4 c5 10. c3 Qb6 11. c4 cxd4 12. cxd5 Qd6 13. g3 Qxd5 14. Re1 e6 15. Be4 Qh5 16. Nb3 0-0 17. Nfxd4 Qxd1 18. Rexd1 e5 19. fxe5 Nxe5 20. Rac1 Rb8 21. Rc7 Rd8 22. Rdc1 Bf8 23. Nb5 a6 24. Na7 Be6 25. Rxb7 Rxb7 26. Bxb7 Bxb3 27. axb3 Rd7 28. Nc6 Nf3+ 29. Kg2 Rxb7 30. Kxf3 Rxb3+ 31. Rc3 Rxb2 32. h4 h5 33. Ne5 Rb5 34. Nd7 Bb4 35. Rc6 a5 36. Ra6 Kg7 37. g4 Rd5 38. Ra7 hxg4+ 39. Kxg4 Rf5 40. Kg3 Be1 0-1

[Event "Caceres op"]
[Site "Caceres"]
[Date "1996.??.??"]
[Round "2"]
[White "Campos, J."]
[Black "Gil Reguera, Juan Carlos"]
[Result "1-0"]
[WhiteElo "2485"]
[BlackElo "2345"]
[PlyCount "65"]
[EventDate "1996.??.??"]
[EventType "swiss"]
[EventRounds "9"]
[EventCountry "ESP"]
[SourceTitle "EXT 2004"]
[Source "ChessBase"]
[SourceDate "2003.11.25"]
[SourceVersion "1"]
[SourceVersionDate "2003.11.25"]
[SourceQuality "1"]

1. d4 Nf6 2. c4 e6 3. Nc3 c5 4. d5 exd5 5. cxd5 d6 6. e4 g6 7. h3 a6 8. a4 Bg7 9. Nf3 0-0 10. Bd3 Nbd7 11. 0-0 Qe7 12. Bf4 h6 13. Re1 Nh7 14. a5 Re8 15. Na4 g5 16. Bg3 Nhf8 17. e5 dxe5 18. d6 Qd8 19. Qd2 Ng6 20. Bxg6 fxg6 21. Qd5+ Kh7 22. Nxe5 Nxe5 23. Bxe5 Bd7 24. Nb6 Bc6 25. Qf7 Rxe5 26. Rxe5 Qf8 27. Qc7 Rd8 28. Re7 Re8 29. Rae1 Rxe7 30. Rxe7 h5 31. Rxg7+ Qxg7 32. d7 Bxd7 33. Qxd7 1-0

[Event "Caceres op"]
[Site "Caceres"]
[Date "1996.??.??"]
[Round "7"]
[White "Charneira, Hermenegildo"]
[Black "Gil Reguera, Juan Carlos"]
[Result "0-1"]
[WhiteElo "2205"]
[BlackElo "2345"]
[PlyCount "159"]
[EventDate "1996.??.??"]
[EventType "swiss"]
[EventRounds "9"]
[EventCountry "ESP"]
[SourceTitle "EXT 2004"]
[Source "ChessBase"]
[SourceDate "2003.11.25"]
[SourceVersion "1"]
[SourceVersionDate "2003.11.25"]
[SourceQuality "1"]

1. e4 c5 2. Nf3 d6 3. d4 cxd4 4. c3 d3 5. Bxd3 Nc6 6. 0-0 Nf6 7. Re1 e6 8. Nbd2 Be7 9. Nf1 0-0 10. Qe2 a6 11. Bf4 e5 12. Bd2 Be6 13. Rad1 Rc8 14. Ng3 Qc7 15. Nh4 g6 16. Bh6 Rfe8 17. Qd2 Kh8 18. Ngf5 gxf5 19. exf5 Bxa2 20. Qg5 Rg8 21. Ng6+ fxg6 22. fxg6 hxg6 23. Re3 Nd5 24. Qg4 Nxe3 25. Qh3 Rg7 26. fxe3 Rcg8 27. Bxg6 Bh4 28. Bxg7+ Rxg7 29. Qxh4+ Kg8 30. Qg4 Qd7 31. Qe4 Be6 32. Bh5 Bf7 33. Bxf7+ Qxf7 34. Rxd6 Qb3 35. Qf5 Qf7 36. Rf6 Qe7 37. Qc8+ Nd8 38. Qc4+ Rf7 39. Qg4+ Kf8 40. Rg6 Ke8 41. Rg8+ Rf8 42. Rg7 Rf7 43. Rg8+ Rf8 44. Rg7 Qe6 45. Qxe6+ Nxe6 46. Rxb7 Rf7 47. Rb6 Nc7 48. b4 Rd7 49. Rc6 Kd8 50. Kf2 Rd2+ 51. Kf3 Kd7 52. Rc5 Kd6 53. Ra5 Rc2 54. Ra3 Kc6 55. h4 Kb6 56. h5 Rc1 57. g4 Nb5 58. Rb3 Nxc3 59. h6 Nd5 60. g5 Rh1 61. Ke4 Ne7 62. Kxe5 Ng8 63. Kf5 Nxh6+ 64. gxh6 Rxh6 65. e4 Kc7 66. e5 Kd7 67. Rd3+ Ke7 68. Rd4 Rb6 69. Rh4 Rb5 70. Rh7+ Ke8 71. Rh4 Ke7 72. Rc4 a5 73. Rc7+ Kd8 74. Ra7 axb4 75. Kf6 b3 76. e6 Rb8 77. Rh7 b2 78. e7+ Kd7 79. e8Q+ Kxe8 80. Rh8+ 0-1

[Event "Nigran op"]
[Site "Nigran"]
[Date "1996.??.??"]
[Round "?"]
[White "Georgiev, Vladimir"]
[Black "Gil Reguera, Juan Carlos"]
[Result "1-0"]
[WhiteElo "2435"]
[BlackElo "2345"]
[PlyCount "128"]
[EventDate "1996.??.??"]
[EventType "swiss"]
[EventRounds "9"]
[EventCountry "ESP"]
[SourceTitle "EXT 2003"]
[Source "ChessBase"]
[SourceDate "2002.11.25"]
[SourceVersion "1"]
[SourceVersionDate "2002.11.25"]
[SourceQuality "1"]

1. d4 Nf6 2. c4 e6 3. Nf3 c5 4. d5 exd5 5. cxd5 d6 6. Nc3 g6 7. e4 a6 8. a4 Bg4 9. Qb3 Qc7 10. Nd2 Bg7 11. Bd3 0-0 12. 0-0 Bc8 13. Nc4 Nbd7 14. Bf4 Ne8 15. a5 Rb8 16. Na4 Bd4 17. Rac1 Kg7 18. Qa3 f6 19. b4 Ne5 20. bxc5 dxc5 21. Nxe5 fxe5 22. Bd2 Qf7 23. Kh1 Nf6 24. f3 Nh5 25. Nxc5 Qf6 26. Nb3 Ba7 27. Rc7+ Rf7 28. Qc1 Bd7 29. Nc5 Bxc5 30. Qxc5 Nf4 31. Bxf4 Qxf4 32. Rb1 g5 33. Qc1 Qh4 34. Qe1 Qxe1+ 35. Rxe1 b5 36. Kg1 Be8 37. Rc5 Ra7 38. Kf2 b4 39. Rb1 b3 40. Rb2 Kf6 41. Ke3 Ke7 42. g3 Kd6 43. Rc3 Ba4 44. Rc4 Be8 45. f4 gxf4+ 46. gxf4 exf4+ 47. Kd4 Re7 48. Re2 Re5 49. Rf2 b2 50. Rxf4 Rh5 51. Rf6+ Kd7 52. Rb6 Rxb6 53. axb6 Rxh2 54. b7 b1Q 55. Bxb1 Rb2 56. Bc2 Rxb7 57. e5 Bg6 58. e6+ Ke7 59. Ke5 Bxc2 60. Rxc2 Rb1 61. d6+ Kd8 62. e7+ Kd7 63. Rc7+ Ke8 64. Rc8+ Kf7 1-0

[Event "La Coruna op"]
[Site "La Coruna"]
[Date "1996.??.??"]
[Round "?"]
[White "Gil Reguera, Juan Carlos"]
[Black "Baron Rodriguez, Jesus"]
[Result "0-1"]
[WhiteElo "2345"]
[BlackElo "2270"]
[PlyCount "54"]
[EventDate "1996.07.??"]
[EventType "swiss"]
[EventRounds "9"]
[EventCountry "ESP"]
[SourceTitle "EXT 1997"]
[Source "ChessBase"]
[SourceDate "1996.11.15"]
[SourceVersion "1"]
[SourceVersionDate "1996.11.15"]
[SourceQuality "1"]

1. c4 e6 2. Nf3 Nf6 3. g3 d5 4. cxd5 exd5 5. d4 Bd6 6. Bg2 c6 7. Nc3 0-0 8. 0-0 h6 9. Bf4 Bxf4 10. gxf4 Bf5 11. Ne5 Nbd7 12. e3 Re8 13. Kh1 Qc8 14. Qf3 Nxe5 15. fxe5 Bg4 16. exf6 Bxf3 17. Bxf3 Qf5 18. Bg2 Qxf6 19. Ne2 a5 20. Rac1 Ra6 21. Rc2 a4 22. Nc1 Qf5 23. Rc3 a3 24. b3 h5 25. Nd3 h4 26. Rg1 h3 27. Bf1 Qf3+ 0-1

[Event "Orense op"]
[Site "Orense"]
[Date "1996.??.??"]
[Round "?"]
[White "Gil Reguera, Juan Carlos"]
[Black "Kolev, Atanas"]
[Result "0-1"]
[WhiteElo "2345"]
[BlackElo "2510"]
[PlyCount "68"]
[EventDate "1996.??.??"]
[EventType "swiss"]
[EventRounds "9"]
[EventCountry "ESP"]
[SourceTitle "EXT 2002"]
[Source "ChessBase"]
[SourceDate "2001.11.25"]
[SourceVersion "1"]
[SourceVersionDate "2001.11.25"]
[SourceQuality "1"]

1. c4 Nf6 2. g3 g6 3. Bg2 Bg7 4. Nc3 0-0 5. e3 c6 6. Qb3 d6 7. d4 a5 8. Nge2 Na6 9. 0-0 Rb8 10. Qd1 e5 11. b3 Re8 12. Bb2 e4 13. d5 c5 14. h3 h5 15. Qd2 Bf5 16. Rae1 Nc7 17. a4 Na6 18. Kh2 Nb4 19. Nc1 Nd7 20. f4 exf3 21. Bxf3 Ne5 22. Bh1 Qd7 23. Bg2 Ned3 24. Nxd3 Nxd3 25. Rb1 Nxb2 26. Rxb2 Qe7 27. e4 Bd7 28. Qc1 h4 29. Rc2 hxg3+ 30. Kxg3 Be5+ 31. Kf2 Qh4+ 32. Kg1 Bxh3 33. Rf3 Bxg2 34. Rxg2 Bd4+ 0-1

[Event "La Coruna op"]
[Site "La Coruna"]
[Date "1996.??.??"]
[Round "?"]
[White "Taboas Rodriguez, Daniel"]
[Black "Gil Reguera, Juan Carlos"]
[Result "1-0"]
[WhiteElo "2190"]
[BlackElo "2345"]
[PlyCount "69"]
[EventDate "1996.07.??"]
[EventType "swiss"]
[EventRounds "9"]
[EventCountry "ESP"]
[SourceTitle "EXT 1997"]
[Source "ChessBase"]
[SourceDate "1996.11.15"]
[SourceVersion "1"]
[SourceVersionDate "1996.11.15"]
[SourceQuality "1"]

1. d4 Nf6 2. Nf3 e6 3. c4 c5 4. d5 exd5 5. cxd5 d6 6. e4 g6 7. h3 a6 8. Nbd2 Nbd7 9. a4 Bg7 10. Bd3 0-0 11. 0-0 Re8 12. Re1 Rb8 13. Nc4 Nb6 14. Na3 Bd7 15. a5 Nc8 16. Bf4 Nh5 17. Bg5 Bf6 18. Bxf6 Qxf6 19. Nc4 Nf4 20. e5 dxe5 21. Ncxe5 Bxh3 22. gxh3 Nxh3+ 23. Kg2 Nf4+ 24. Kf1 Rd8 25. Ng4 Qg7 26. Qa4 Nxd3 27. Re8+ Rxe8 28. Qxe8+ Qf8 29. Nf6+ Kg7 30. Qxf8+ Kxf8 31. Nd7+ Ke7 32. Nxb8 Nd6 33. b3 c4 34. bxc4 Nxc4 35. Rd1 1-0

[Event "Buenos Aires Inauguracio op"]
[Site "Buenos Aires"]
[Date "1992.??.??"]
[Round "?"]
[White "Gil Reguera, Juan Carlos"]
[Black "Bronstein, Luis Marcos"]
[Result "0-1"]
[WhiteElo "2360"]
[BlackElo "2365"]
[PlyCount "66"]
[EventDate "1992.05.??"]
[EventType "swiss"]
[EventRounds "7"]
[EventCountry "ARG"]
[SourceTitle "EXT 1997"]
[Source "ChessBase"]
[SourceDate "1996.11.15"]
[SourceVersion "1"]
[SourceVersionDate "1996.11.15"]
[SourceQuality "1"]

1. e4 c6 2. d4 d5 3. Nc3 dxe4 4. Nxe4 Bf5 5. Ng3 Bg6 6. h4 h6 7. h5 Bh7 8. Nf3 Nd7 9. Bd3 Bxd3 10. Qxd3 e6 11. Bd2 Ngf6 12. 0-0-0 Be7 13. Kb1 a5 14. Rhe1 0-0 15. Bf4 a4 16. Ne5 Nxe5 17. Bxe5 a3 18. b3 b5 19. Bxf6 Bxf6 20. Ne4 b4 21. f4 Ra5 22. g4 Rd5 23. Nxf6+ Qxf6 24. g5 hxg5 25. fxg5 Rxg5 26. h6 gxh6 27. Rg1 Rd8 28. Qe3 c5 29. Rdf1 Qg7 30. c3 cxd4 31. cxd4 Rxd4 32. Rxg5 hxg5 33. Rc1 Rd1 0-1

[Event "Osuna op"]
[Site "Osuna"]
[Date "1991.??.??"]
[Round "?"]
[White "Gil Reguera, Juan Carlos"]
[Black "Fernandez Murga, Roberto"]
[Result "1/2-1/2"]
[WhiteElo "2400"]
[BlackElo "2250"]
[PlyCount "91"]
[EventDate "1991.??.??"]
[EventType "swiss"]
[EventRounds "7"]
[EventCountry "ESP"]
[SourceTitle "EXT 1997"]
[Source "ChessBase"]
[SourceDate "1996.11.15"]
[SourceVersion "1"]
[SourceVersionDate "1996.11.15"]
[SourceQuality "1"]

1. c4 Nf6 2. g3 g6 3. Bg2 c5 4. Nc3 Bg7 5. e3 0-0 6. Nge2 Nc6 7. 0-0 d6 8. d4 cxd4 9. exd4 Bf5 10. b3 Qc8 11. d5 Nb4 12. Nd4 Bg4 13. Qd2 Qc5 14. Na4 Ne4 15. Bxe4 Qxd4 16. Qxd4 Bxd4 17. Bb2 Bxb2 18. Nxb2 a5 19. a3 Na6 20. Na4 Nc5 21. Nxc5 dxc5 22. Rfe1 Rfd8 23. Bc2 Kf8 24. Re3 b6 25. Rae1 Ra7 26. Kg2 Bc8 27. f4 e6 28. Be4 exd5 29. Bxd5 Bb7 30. Bxb7 Rxb7 31. a4 Rbd7 32. Kh3 Rd3 33. Kg4 Rxe3 34. Rxe3 Rd1 35. f5 Kg7 36. fxg6 hxg6 37. Kf4 Kf6 38. h4 Rd4+ 39. Re4 Rd3 40. Re3 Rd4+ 41. Kf3 Kf5 42. Rc3 f6 43. Re3 g5 44. hxg5 fxg5 45. Ke2 g4 46. Kf2 1/2-1/2